00599nam a2200169Ia 4500008004100000020001500041041001200056082001600068100001600084245007700100260003500177300000800212650002100220942000700241999001500248952016600263221030s9999 xx 000 0 und d a8122403867 aEnglish a105.23bSon aB. S. Sonde 0aIntroduciton to System Design Using Integrated Circuits ( DEPARTMENTAL ) bWiley EasternaNew Delhic1994 a312 aECE Departmental cBK c1467d1467 pBE 262g105.00l0o105.23 Sonr2022-10-30 00:00:00w2022-10-30yBK003Print4071aMIETLIBbMIETLIBcBL-Departmental, FL-1, CUP-76, SH-6, R-6d1998-12-2410HBE